La Modernización de la administración financiera y la reforma del Estado costarricense /

Guardado en:
Bibliografiske detaljer
Hovedforfatter: Vargas B., José Adrián
Format: Texto
Tags: Tilføj Tag
Ingen Tags, Vær først til at tagge denne postø!

MARC

LEADER 00000 a a2200000 04500
001 14076
003
040
100 |a Vargas B., José Adrián  
245 |a La Modernización de la administración financiera y la reforma del Estado costarricense /  |c José Adrián Vargas B. 
773 |g número 28 -29; páginas 151-165  
999 |c 20966  |d 20966